Bundesliga - Kachelauswahl - Statistiken

Allgemein
  • Dieses Quiz wurde 155 mal gespielt
  • Das Durchschnittsergebnis liegt bei 55 aus 66
Antwortstatistiken
Frage Kachel Select % Korrekt
Deutscher Meiser wurden (seit 1903) SC Freiburg Nein
100%
Deutscher Meiser wurden (seit 1903) Borussia Dortmund Ja
99%
Deutscher Meiser wurden (seit 1903) FC Augsburg Nein
99%
Deutscher Meiser wurden (seit 1903) RB Leipzig Nein
99%
Deutscher Meiser wurden (seit 1903) 1.FSV Mainz 05 Nein
98%
Deutscher Meiser wurden (seit 1903) FC Bayern München Ja
98%
Deutscher Meiser wurden (seit 1903) FC St. Pauli Nein
98%
Deutscher Meiser wurden (seit 1903) VfL Bochum Nein
98%
die Champions League gewonnen gaben (früher Europapokal der Landesmeister) RB Leipzig Nein
97%
Deutscher Meiser wurden (seit 1903) Bayer 04 Leverkusen Ja
96%
einen Gesamtmarktwert von über 200 Mio haben (Stand Oktober 2025) FC Augsburg Nein
96%
die Champions League gewonnen gaben (früher Europapokal der Landesmeister) FC Bayern München Ja
95%
einen Gesamtmarktwert von über 200 Mio haben (Stand Oktober 2025) FC St. Pauli Nein
95%
Deutscher Meiser wurden (seit 1903) HSV Ja
95%
die Champions League gewonnen gaben (früher Europapokal der Landesmeister) VfB Stuttgart Nein
95%
einen Gesamtmarktwert von über 200 Mio haben (Stand Oktober 2025) 1.FC Köln Nein
94%
einen Gesamtmarktwert von über 200 Mio haben (Stand Oktober 2025) Borussia Dortmund Ja
94%
Gründungsmitglieder der Bundesliga waren FC Augsburg Nein
94%
einen Gesamtmarktwert von über 200 Mio haben (Stand Oktober 2025) FC Bayern München Ja
94%
einen Gesamtmarktwert von über 200 Mio haben (Stand Oktober 2025) HSV Nein
94%
Gründungsmitglieder der Bundesliga waren RB Leipzig Nein
94%
Deutscher Meiser wurden (seit 1903) SV Werder Bremen Ja
94%
die Champions League gewonnen gaben (früher Europapokal der Landesmeister) Bayer 04 Leverkusen Nein
93%
die Champions League gewonnen gaben (früher Europapokal der Landesmeister) Borussia Dortmund Ja
93%
Deutscher Meiser wurden (seit 1903) 1.FC Köln Ja
92%
Gründungsmitglieder der Bundesliga waren SC Freiburg Nein
92%
einen Gesamtmarktwert von über 200 Mio haben (Stand Oktober 2025) 1.FSV Mainz 05 Nein
91%
die Champions League gewonnen gaben (früher Europapokal der Landesmeister) Eintracht Frankfurt Nein
91%
einen Gesamtmarktwert von über 200 Mio haben (Stand Oktober 2025) SV Werder Bremen Nein
91%
Deutscher Meiser wurden (seit 1903) VfB Stuttgart Ja
91%
Gründungsmitglieder der Bundesliga waren 1.FSV Mainz 05 Nein
90%
die Champions League gewonnen gaben (früher Europapokal der Landesmeister) SV Werder Bremen Nein
90%
nie aus der Bundesliga abgestiegen sind SV Werder Bremen Nein
89%
einen Gesamtmarktwert von über 200 Mio haben (Stand Oktober 2025) Bayer 04 Leverkusen Ja
88%
nie aus der Bundesliga abgestiegen sind Eintracht Frankfurt Nein
88%
die Champions League gewonnen gaben (früher Europapokal der Landesmeister) FC Schalke 04 Nein
88%
einen Gesamtmarktwert von über 200 Mio haben (Stand Oktober 2025) RB Leipzig Ja
88%
Deutscher Meiser wurden (seit 1903) Borussia Mönchengladbach Ja
87%
nie aus der Bundesliga abgestiegen sind FC Bayern München Ja
87%
nie aus der Bundesliga abgestiegen sind SC Freiburg Nein
87%
einen Gesamtmarktwert von über 200 Mio haben (Stand Oktober 2025) Borussia Mönchengladbach Nein
85%
Gründungsmitglieder der Bundesliga waren HSV Ja
85%
einen Gesamtmarktwert von über 200 Mio haben (Stand Oktober 2025) Eintracht Frankfurt Ja
84%
nie aus der Bundesliga abgestiegen sind RB Leipzig Ja
83%
Gründungsmitglieder der Bundesliga waren 1860 München Ja
82%
Gründungsmitglieder der Bundesliga waren 1. FC Köln Ja
81%
einen Gesamtmarktwert von über 200 Mio haben (Stand Oktober 2025) SC Freiburg Nein
81%
einen Gesamtmarktwert von über 200 Mio haben (Stand Oktober 2025) TSG 1899 Hoffenheim Nein
80%
Gründungsmitglieder der Bundesliga waren FC Bayern München Nein
78%
die Champions League gewonnen gaben (früher Europapokal der Landesmeister) HSV Ja
78%
Gründungsmitglieder der Bundesliga waren FC Schalke 04 Ja
75%
nie aus der Bundesliga abgestiegen sind TSG 1899 Hoffenheim Ja
75%
Gründungsmitglieder der Bundesliga waren VfB Stuttgart Ja
75%
nie aus der Bundesliga abgestiegen sind Borussia Dortmund Nein
74%
einen Gesamtmarktwert von über 200 Mio haben (Stand Oktober 2025) VfB Stuttgart Ja
74%
Gründungsmitglieder der Bundesliga waren SV Werder Bremen Ja
73%
Gründungsmitglieder der Bundesliga waren Eintracht Braunschweig Ja
72%
Gründungsmitglieder der Bundesliga waren Preußen Münster Ja
70%
Gründungsmitglieder der Bundesliga waren Borussia Dortmund Ja
67%
nie aus der Bundesliga abgestiegen sind FC Augsburg Ja
65%
nie aus der Bundesliga abgestiegen sind Bayer 04 Leverkusen Ja
60%
Gründungsmitglieder der Bundesliga waren Hertha BSC Ja
55%
Deutscher Meiser wurden (seit 1903) Eintracht Frankfurt Ja
44%
einen Gesamtmarktwert von über 200 Mio haben (Stand Oktober 2025) VfL Wolfsburg Ja
40%
Gründungsmitglieder der Bundesliga waren Borussia Mönchengladbach Nein
35%
Deutscher Meiser wurden (seit 1903) Hertha BSC Ja
33%
Keine übereinstimmenden Quizze gefunden
Verteilung der Resultate
Anzahl Personen mit jedem Resultat
Perzentil nach korrekt beantworteten Fragen
Ihre Resultats-Entwicklung
Sie haben dieses Quiz noch nicht gespielt